000
00265nam a2200109Ia 4500
008
220216s9999 xx 000 0 und d
100
_a
Reghu C.P.
245
0
_a
Rubber Janithaka Sekharam: Thadiyulpathanam
260
_b
Rubber
_c
2009
300
_a
29-30
942
_c
BS
999
_c
51956
_d
51956